|
|
|
|
| LEADER |
01146nam a2200337Ia 4500 |
| 001 |
EBC3017415 |
| 003 |
MiAaPQ |
| 005 |
20200520144314.0 |
| 006 |
m o d | |
| 007 |
cr cn||||||||| |
| 008 |
081221s2010 ii s 000 0 eng d |
| 020 |
|
|
|z 9788122427301
|
| 020 |
|
|
|z 9788122428575
|
| 035 |
|
|
|a (MiAaPQ)EBC3017415
|
| 035 |
|
|
|a (Au-PeEL)EBL3017415
|
| 035 |
|
|
|a (CaPaEBR)ebr10370238
|
| 035 |
|
|
|a (CaONFJC)MIL253180
|
| 035 |
|
|
|a (OCoLC)923652300
|
| 040 |
|
|
|a MiAaPQ
|c MiAaPQ
|d MiAaPQ
|
| 050 |
|
4 |
|a HG1655
|b .M33 2010
|
| 100 |
1 |
|
|a Machiraju, H. R.
|
| 245 |
1 |
0 |
|a Merchant banking
|h [electronic resource] /
|c H. R. Machiraju.
|
| 250 |
|
|
|a 4th ed.
|
| 260 |
|
|
|a New Delhi :
|b New Age International,
|c 2010.
|
| 300 |
|
|
|a xxvi, 512 p.
|
| 533 |
|
|
|a Electronic reproduction. Ann Arbor, MI : ProQuest, 2015. Available via World Wide Web. Access may be limited to ProQuest affiliated libraries.
|
| 650 |
|
0 |
|a Acceptances.
|
| 650 |
|
0 |
|a Merchant banks
|z Great Britain.
|
| 655 |
|
4 |
|a Electronic books.
|
| 710 |
2 |
|
|a ProQuest (Firm)
|
| 856 |
4 |
0 |
|u https://ebookcentral.proquest.com/lib/matrademy/detail.action?docID=3017415
|z Click to View
|